A-Z vegetables + herbs Quiz Stats

 Plays Quiz not verified by Sporcle

Challenge
Share
Tweet
Embed
Score 0/25 Timer 06:00
0 Plays Today
% Correct
collards
95.6%
beet
93.7%
arugula
88.1%
pea
82.4%
taro
81.1%
spinach
78%
eggplant
76.7%
radish
75.5%
lettuce
72.3%
onion
72.3%
daikon
67.3%
kohlrabi
59.1%
green bean
58.5%
% Correct
fennel
57.9%
mustard
52.2%
zucchini
49.7%
wakame
48.4%
yam
47.8%
horseradish
41.5%
jerusalem artichoke
38.4%
nori
30.2%
quassia
28.9%
iceberg
23.3%
vanilla
13.8%
ulluco
1.3%

You're not logged in!

Compare scores with friends on all Sporcle quizzes.
Join for Free
OR
Log In

You Might Also Like...

Show Comments

Extras

Top Quizzes Today


Score Distribution

Your Account Isn't Verified!

In order to create a playlist on Sporcle, you need to verify the email address you used during registration. Go to your Sporcle Settings to finish the process.

Report this User

Report this user for behavior that violates our Community Guidelines.

Details: